Customer Relationship Management:Concepts & Technologies/ (Record no. 189300)

MARC details
000 -LEADER
fixed length control field 00565nam a22001697a 4500
005 - DATE AND TIME OF LATEST TRANSACTION
control field 20220623110635.0
010 ## - LCCN (DPL NO)
LC control number vivek
020 ## - INTERNATIONAL STANDARD BOOK NUMBER
International Standard Book Number 9781856175227
Terms of availability 309.00
037 ## - SOURCE OF ACQUISITION
Source of stock number/acquisition Elsevier
100 ## - MAIN ENTRY--PERSONAL NAME
Personal name Francis Buttle
245 ## - TITLE STATEMENT
Title Customer Relationship Management:Concepts & Technologies/
Statement of responsibility, etc Francis Buttle
260 ## - PUBLICATION, DISTRIBUTION, ETC. (IMPRINT)
Place of publication, distribution, etc New Delhi
Name of publisher, distributor, etc Reed Elsevier India Private Limited.
Date of publication, distribution, etc 2011
270 ## - ADDRESS
Address 622, Indraprakash Building, 21 Barakhamba Road,
City New Delhi
Postal code 110001
300 ## - PHYSICAL DESCRIPTION
Extent xix,500p.
Other physical details ill.
Dimensions 24cm(Pb)
500 ## - GENERAL NOTE
General note References,Index
942 ## - ADDED ENTRY ELEMENTS (KOHA)
Source of classification or shelving scheme Dewey Decimal Classification
Item type English Books
Edition Second Edition
Call number prefix FRA

No items available.


© Delhi Public Library
Hit Counter
free hit counter